000
00290nam a22001217a 4500
082
_a
070.92
_b
KAR
100
_a
Karaka, D.F.
245
_a
I Go West /
_c
D.F. Karaka
260
_a
Bombay :
_b
Thacker & Co Ltd,
_c
1938.
300
_a
295 p. ;
_c
2 cm.
563
_a
HB.
942
_2
ddc
_c
BK
999
_c
616239
_d
616239